Star Academy 2024 - Vos voix [paroles] - Statistiques

Statistiques générales
  • Ce quiz a été pris 13 fois
  • Le résultat moyen est 37 sur 73
Statistiques - réponses
Réponse % Correct
pas
89%
à
78%
le
78%
ne
78%
part
78%
que
78%
voix
78%
vous
78%
vus
78%
ah
67%
je
67%
j’entends
67%
me
67%
on
67%
67%
quittez
67%
vois
67%
vos
67%
c’est
56%
connaît
56%
de
56%
dire
56%
dois
56%
et
56%
ferme
56%
la
56%
les
56%
partout
56%
paupières
56%
se
56%
sois
56%
travers
56%
vérité
56%
adorés
44%
aucun
44%
autre
44%
chaleur
44%
château
44%
ciel
44%
des
44%
écrans
44%
lumières
44%
maintenant
44%
mêlée
44%
mienne
44%
mots
44%
pourtant
44%
qu’à
44%
souvent
44%
un
44%
une
44%
vaut
44%
vies
44%
visages
44%
voilà
44%
du
33%
émerveillés
33%
fort
33%
inconnus
33%
mais
33%
mes
33%
mille
33%
n’s’est
33%
nuits
33%
parfois
33%
passe
33%
plus
33%
rappel
33%
réclame
33%
rejouer
33%
spectacle
33%
yeux
33%
moi
22%
Aucun quiz correspondant
Distribution des résultats
% des personnes avec chaque résultat
Percentile par nombre de réponses
Votre historique - résultats
Vous n’avez pas pris ce quiz